¿Hacia una misma fe eucarística? / (Record no. 77333)

MARC details
000 -LEADER
campo de control de longitud fija 00532nam a2200169 i 4500
001 - NÚMERO DE CONTROL
campo de control 77333
003 - IDENTIFICADOR DE NÚMERO DE CONTROL
campo de control ES-MaACL
005 - FECHA Y HORA DE LA ÚLTIMA TRANSACCIÓN
campo de control 20230906173152.0
007 - CAMPO FIJO DE DESCRIPCIÓN FÍSICA--INFORMACIÓN GENERAL
campo de control de longitud fija t|
008 - DATOS DE LONGITUD FIJA--INFORMACIÓN GENERAL
campo de control de longitud fija 041008s1972 sp ||||1| spa d
245 01 - MENCIÓN DEL TÍTULO
Título ¿Hacia una misma fe eucarística? /
Mención de responsabilidad, etc. Grupo de Les Dombes ; [versión de Alejandro Esteban Laitor Ros].
260 ## - PUBLICACIÓN, DISTRIBUCIÓN, ETC.
Lugar de publicación, distribución, etc. Barcelona :
Nombre del editor, distribuidor, etc. Herder,
Fecha de publicación, distribución, etc. [1972]
300 ## - DESCRIPCIÓN FÍSICA
Extensión 77 p. ;
Dimensiones 20 cm.
700 1# - ENTRADA AGREGADA--NOMBRE PERSONAL
Nombre de persona Lator Ros, Alejandro Esteban.
9 (RLIN) 70527
710 2# - ENTRADA AGREGADA--NOMBRE DE ENTIDAD CORPORATIVA
Nombre de entidad corporativa o nombre de jurisdicción como elemento de entrada Grupo de Les Dombes.
9 (RLIN) 4517
852 ## - LOCALIZACIÓN
Ubicación ES-MaACL
Número de control de estantería C-55510
Sublocalización o colección R.88165
Holdings
Estatus retirado Estado de pérdida Estado de daño No para préstamo Biblioteca de origen Biblioteca actual Ubicación en estantería Fecha de adquisición Fuente de adquisición Total de préstamos Signatura topográfica completa Código de barras Visto por última vez Precio de reemplazo Tipo de ítem Koha
        Biblioteca del Ateneo de Madrid Biblioteca del Ateneo de Madrid Depósito 2 17/01/2008     C-55510 1080914 23/02/2023 23/02/2023 Libro impreso